000 00622nam a2200217Ii 4500
003 JO-AjNU
008 230606s9999||||xx |||||||||||||| ||und||
020 _a0-582-52009-6
040 _aJO-AjNU
_beng
_erda
_cJO-AjNU
041 _aeng
050 1 4 _aQ209.E9 1975
100 3 _aEwer, J.R , G.Latorre,
_eauthor
_95846
245 0 2 _aA Course in Basic Scientific English: Students Book
250 _a1 ed
264 3 1 _aU.S.A: Longman Group,1975
300 _a199P
336 _atext
_btxt
_2rdacontent
337 _aunmediated
_bn
_2rdamedia
338 _avolume
_bnc
_2rdacarrier
650 4 _aScientific English
_95847
999 _aE3032
_c3029
_d3029